| 000 | 01172nam a2200313Ia 4500 | ||
|---|---|---|---|
| 003 | OSt | ||
| 005 | 20260505111809.0 | ||
| 008 | 220909b |||||||| |||| 00| 0 eng d | ||
| 020 | _a8176496413 | ||
| 037 | _cREF | ||
| 040 |
_aCSL _beng _cCSL |
||
| 041 | _aeng | ||
| 084 |
_aY7:(L:4(G:6)) P0 RR _qCSL |
||
| 100 |
_aWynbrandt, James _eauthor. _91238515 |
||
| 245 | 0 | _aEncyclopedia of Genetic Disorders and Birth Defects | |
| 250 | _a2 | ||
| 260 |
_aNew Delhi : _bViva Books Private Limited , _c2000 . |
||
| 300 |
_axix, 474p. _b:ill. |
||
| 490 | _aViva facts on file health and living encyclopedias | ||
| 500 | _aAppendix 1-4, 346-454p.; Bibliography 455-459p.; Index 463-474p | ||
| 650 |
_a Birth defects _91238516 |
||
| 650 |
_a Genetic disorders _91238517 |
||
| 650 |
_a Human genetics _9437187 |
||
| 650 | _aAnthropology | ||
| 700 |
_a Ludman, Mark D _eco-author. _91238518 |
||
| 942 |
_hY7:(L:4(G:6) P0 RR _cREF _2CC |
||
| 999 |
_c25462 _d25462 |
||